Statistics for Can You Think of the Animal I'm Thinking Of?

Click here to take the quiz!

General Stats

  • This quiz has been taken 10 times
  • The average score is 8 of 26

Answer Stats

LetterAnswer% Correct
Aant
75%
Ccat
75%
Ddog
50%
Eelephant
50%
Ffrog
50%
Ggiraffe
50%
Iiguana
50%
Zzebra
50%
Bbear
25%
Hhorse
25%
Jjaguar
25%
Kkangaroo
25%
Llion
25%
Mmonkey
25%
Nnightingale
25%
Oostrich
25%
Ppenguin
25%
Qquail
25%
Rrooster
25%
Sseal
25%
Tturtle
25%
Uumbrella bird
0%
Vvulture
0%
Wwalrus
0%
Xx-ray fish
0%
Yyak
0%

Score Distribution

Percentile by Number Answered

Percent of People with Each Score

Your Score History

You have not taken this quiz